Epištoly /

Uložené v:
Podrobná bibliografia
Hlavný autor: Kadlečík, Ivan, 1938-2014
Médium: Kniha
Jazyk:Slovak
Vydané: Levice : Vydavateľstvo L.C.A., c2003.
Vydanie:Vyd. 2.
Edícia:Pôvodná tvorba
Témy:
ISBN: 8089129153 (brož.)
Fyzický popis: 206 s. ; 19 cm.
Tagy: Pridať tag
Žiadne tagy, Buďte prvý kto otaguje tento záznam!

MARC

LEADER 00000nam a2200000 a 4500
001 000000532
003 SVKK
005 20071120101340.0
008 040316s2003 xo g 000 f slo d
020 |a 8089129153 (brož.) 
040 |a SVKKK  |b slo  |c SVKKK  |e AACR2 
041 0 |a slo 
044 |a xo  |c SK 
072 7 |a 821.162.4-3  |x Slovenská próza  |2 konspekt 
080 |a 821.162.4-6  |2 1997 
080 |a (0:82-6)  |2 1997 
100 1 |a Kadlečík, Ivan,  |d 1938-2014 
245 1 0 |a Epištoly /  |c Ivan Kadlečík. 
250 |a Vyd. 2. 
260 |a Levice :  |b Vydavateľstvo L.C.A.,  |c c2003. 
300 |a 206 s. ;  |c 19 cm. 
490 1 |a Pôvodná tvorba 
650 0 7 |a epištoly  |2 SVKKKPH 
655 7 |a slovenské prózy  |2 SVKKKPH 
655 7 |a umelecká literatúra  |2 SVKKKPH 
830 0 |a Pôvodná tvorba 
910 |a svkkk 
919 |a 80-89129-15-3 
998 |a BK 
090 |g SCKHL  |k Sklad Hlavná 10 prízemie  |a I.72777  |j 959975  |i 2720021075  |s Absenčne 
090 |g SCKHL  |k Sklad Hlavná 10 prízemie  |a I.75788  |j 993477  |i 2720077772  |s Absenčne